000 00312nam a22001337a 4500
008 170329b xxu||||| |||| 00| 0 eng d
020 _a1560534443
041 _aeng
080 _a616-053.2
100 _a8
101 _aSHM
245 _aPEDIATRIC HEMATOLOGY/ ONCOLOGY SECRETS
_cWEINER, M.A
942 _2udc
_cBK
999 _c9015
_d9015